000 00527nam a22001697a 4500
003 SGT
020 _a9780781769815
082 _a616.855206
_bL08C
100 _aCHAPEY,, ROBERTA
245 _aLANGUAFE INTERVENTION STRATEGIES IN APHASIA AND RELATED NEUROLOGIC COMMUNICATION DISORDERS
250 _a5TH
260 _aPHILADELPHIA
_bWOLTERS KLUWER PUB
_c2008
300 _a1091
650 _aAUDIOLOGY
653 _aLANGUAFE INTERVENTION STRATEGIES IN APHASIA AND RELATED NEUROLOGIC COMMUNICATION DISORDERS
942 _2ddc
_cBK
999 _c22992
_d22992